LEADER 00899nam0 2200265 450 001 000031189 005 20161206142824.0 010 $a978-88-08-06785-2 100 $a20161206d2007----km-y0itay50------ba 101 0 $aita 102 $aIT 105 $ay-------001yy 200 1 $aFondamenti di biologia dello sviluppo$fJonathan M. W. Slack 205 $a1. ed. italiana condotta sulla 2. ed. inglese 210 $aBologna$cZanichelli$d2007 215 $aVI, 409 p.$cill.$d27 cm 500 10$aEssential developmental biology$m$91395731 610 1 $aOrganismi viventi$aSviluppo 676 $a571.8$v22$9Riproduzione sviluppo accrescimento 700 1$aSlack,$bJonathan M. W.$0719058 801 0$aIT$bUNIPARTHENOPE$c20161206$gREICAT$2UNIMARC 912 $a000031189 951 $aP1 571-F/4$b46356$cPIST$d2016 996 $aEssential developmental biology$91395731 997 $aUNIPARTHENOPE